Hra pre Android s implementáciou vybraného strategického algoritmu

Salvato in:
Dettagli Bibliografici
Autore principale: Haljak, Peter (Autore)
Altri autori: Németh, Martin (Relatore della tesi)
Natura: Manoscritto Libro
Lingua:slovacco
Pubblicazione: 2018
Soggetti:
Accesso online:http://is.stuba.sk/zp/portal_zp.pl?podrobnosti=106138
Tags: Aggiungi Tag
Nessun Tag, puoi essere il primo ad aggiungerne!!

MARC

LEADER 00000ntm a22000003a 4500
001 stuzp60844
003 SK-STU
005 20180820151524.9
007 ta
008 150427s2015----xo-----f-mn---000-0-slo-d
040 |a STU  |b slo 
041 0 |a slo 
100 1 |a Haljak, Peter  |u 066000  |4 aut  |U MTF Materiálovotechnologická fakulta  |T MTF Ústav aplikovanej informatiky, automatizácie a mechatroniky  |X 71849  |U M6000  |Y 86  |7 71849 
242 0 1 |a Design and implementation of a game for Android with the use of chosen strategic algorithm  |y eng 
245 1 0 |a Hra pre Android s implementáciou vybraného strategického algoritmu 
260 |c 2018 
650 4 |a artificial intelligence  |2 eng 
650 4 |a minmax  |2 eng 
650 4 |a Android Studio  |2 eng 
650 4 |a Android  |2 eng 
650 4 |a tic-tac-toe  |2 eng 
650 4 |a game  |2 eng 
650 4 |a umelá inteligencia  |2 slo 
650 4 |a minmax  |2 slo 
650 4 |a Android Studio  |2 slo 
650 4 |a Android  |2 slo 
650 4 |a piškvorky  |2 slo 
650 4 |a hra  |2 slo 
700 1 |a Németh, Martin  |u 066000  |k Z1  |4 ths  |U MTF Materiálovotechnologická fakulta  |T MTF Ústav aplikovanej informatiky, automatizácie a mechatroniky  |X 57258  |U M6000  |Y 86  |7 A000057258 
856 4 |u http://is.stuba.sk/zp/portal_zp.pl?podrobnosti=106138 
996 |c M* BP-8200  |l MMSKP  |s P  |a 0  |w stuzp60844_0001